000 00508nam a22001817a 4500
003 NUST - PNEC
005 20170116180756.0
008 150407b xxu||||| |||| 00| 0 eng d
020 _a9789698464301
040 _cLIBRARY
082 _a297.4 SEY
100 _92129
_aSeyal, T. H.
245 _aKya karo kya na kro
_cT. H. Seyal
260 _aRawalpindi:
_bAhmed Corporation,
_cc2008.
300 _avarious pagings:
_c22 cm.
650 _92130
_aSocial life with Quran and Hadees
_xIslam
942 _2ddc
_cBK
999 _c62766
_d62766